000 00991nam a2200229Ia 4500
999 _c38068
_d38068
001 4054
003 GE_BSU
005 20190930152108.0
008 181216s1984||||ge |||||||||||||| ||geo||
040 _cGE_BSU
041 _ageo
080 _a314.02 წ–35
100 _aწულაძე, გიორგი
_94394
245 _aშობადობის სოციოლოგიის საკითხები /
_cრედ. გ. ყორანაშვილი.
264 _aთბ. :
_bმეცნიერება,
_c1984.
300 _a178 გვ.;
_b21 სმ.
520 _aრეზ. რუს.
653 _aშობადობის სოციოლოგია
700 _aყორანაშვილი, გ.
_eრედაქტორი
_93705
711 _aივ. ჯავახიშვილის სახ. ისტ., არქეოლოგიისა და ეთნოგრაფიის ინ-ტი.
_94395
942 _cBK
_2udc